000 00788nam a2200217Ia 4500
001 12359
003 GE_BSU
008 181216s||||||||xx |||||||||||||| ||und||
040 _cGE_BSU
080 _a349.41(479.22)(075.8)
100 _aტურაბელიძე,ნაუმ.
245 _aსაქართველოს მიწის სამართალი.
245 _bსახელმძღვანელო.
245 _cრედ:ჯანო წულუკიძე.
260 _aთბილისი.
260 _bმეცნიერება.
260 _c2002
300 _a196გვ;20სმ.
653 _aსაქართველოს მიწის სამართალი.სახელმძღვანელო.
942 _cBK
999 _c45534
_d45534